Dios y el César : itinerario político de la Iglesia /

Uloženo v:
Podrobná bibliografie
Hlavní autor: Hernández Avendaño, Juan Luis (autor)
Médium: Kniha
Jazyk:španělština
Vydáno: Guadalajara, México : México : ITESO ; Universidad Iberoamericana : Plaza y Valdés, 2006, c2006
Témata:
Tagy: Přidat tag
Žádné tagy, Buďte první, kdo vytvoří štítek k tomuto záznamu!

MARC

LEADER 00000nam^a2200000^a^4500
001 000194410
005 20250624000000.0
009 20260310102715.205
020 |a 970-722-467-3 
025 |a Donación Universidad Iberoamericana, Plantel Santa Fe, 1 ejemplar 
037 |a Acervo ITESO - Biblioteca 
041 |a ESP 
082 |a 261. 7  |b HER 
100 |a Hernández Avendaño, Juan Luis  |e (autor) 
245 1 0 |a Dios y el César :  |b itinerario político de la Iglesia /  |c J.L. Hernández Avendaño. 
264 4 |a Guadalajara, México :  |b ITESO ;  |a México :  |b Universidad Iberoamericana :  |b Plaza y Valdés,  |c 2006, c2006 
300 |a 249 p. 
336 |a texto  |b txt  |2 rdacontenido 
337 |a sin mediación  |b n  |2 rdamedio 
338 |a volumen  |b nc  |2 rdasoporte 
649 |a XX 
650 |a Comunidades Eclesiales de Base -  |z México 
650 |a Cristología 
650 |a Teología de la Liberación 
650 |a Iglesia Católica en México -  |x Condiciones Políticas 
650 |a Iglesia Católica -  |x Condiciones Políticas 
650 |a Iglesia y Problemas Sociales -  |z México 
650 |a Iglesia y Problemas Sociales 
650 |a Catolicismo -  |z México 
650 |a Catolicismo 
650 |a Cristianismo y Política -  |x Tema Principal 
650 |a Cristianismo y Política -  |z México 
650 |a Teoría Crítica 
650 |a Sociología de la Religión 
650 |a Política y Religión 
910 |a Fondo General 
920 |a Impresos - Libros 
930 |a Colección General 
905 |a 101 
901 |a 0500139551  |b IT1  |c ACC  |d DT  |i D  |u 20250624 
901 |a 0500157987  |b IT1  |c ACC  |d DT  |i D  |u 20250624 
901 |a 0500157990  |b IT1  |c ACC  |i D  |u 20250521 
902 |a https://opac.biblio.iteso.mx/vufind/Record/000194410